Le temple grec (Record no. 90096)

MARC details
000 -LEADER
campo de control de longitud fija 00677nam a2200193 i 4500
001 - NÚMERO DE CONTROL
campo de control 90096
003 - IDENTIFICADOR DE NÚMERO DE CONTROL
campo de control ES-MaACL
005 - FECHA Y HORA DE LA ÚLTIMA TRANSACCIÓN
campo de control 20230906180339.0
007 - CAMPO FIJO DE DESCRIPCIÓN FÍSICA--INFORMACIÓN GENERAL
campo de control de longitud fija t|
008 - DATOS DE LONGITUD FIJA--INFORMACIÓN GENERAL
campo de control de longitud fija 050118s1902 fr ||||1| fre d
100 1# - ENTRADA PRINCIPAL--NOMBRE DE PERSONA
Nombre de persona Lechat, Henri.
9 (RLIN) 71068
245 13 - MENCIÓN DEL TÍTULO
Título Le temple grec
Resto del título : histoire sommaire de ses origines et de son developpement jusquéau V siecle avant Jesus Christ /
Mención de responsabilidad, etc. par Henri Lechat.
260 ## - PUBLICACIÓN, DISTRIBUCIÓN, ETC.
Lugar de publicación, distribución, etc. [S.l. :
Nombre del editor, distribuidor, etc. s.n.,
Fecha de publicación, distribución, etc. 1902] (
Lugar de fabricación/manufactura Le Puy :
Fabricante R. Marchessou)
300 ## - DESCRIPCIÓN FÍSICA
Extensión 134 p. ;
Dimensiones 17 cm.
490 1# - MENCIÓN DE SERIE
Mención de serie Petite bibliothèque d'art et d'archéologie
830 0# - PUNTO DE ACCESO ADICIONAL DE SERIE-TÍTULO UNIFORME
Título uniforme Petite bibliothèque d'art et d'archéologie
9 (RLIN) 184434
852 ## - LOCALIZACIÓN
Ubicación ES-MaACL
Número de control de estantería F-2725
Holdings
Estatus retirado Estado de pérdida Estado de daño No para préstamo Biblioteca de origen Biblioteca actual Ubicación en estantería Fecha de adquisición Fuente de adquisición Total de préstamos Signatura topográfica completa Código de barras Visto por última vez Precio de reemplazo Tipo de ítem Koha
        Biblioteca del Ateneo de Madrid Biblioteca del Ateneo de Madrid Depósito 2 17/01/2008     F-2725 1094089 23/02/2023 23/02/2023 Libro impreso